=LDR 00000nam 2200000 4500 =001 INLIS000000000029548 =005 20130612131755 =008 ***********************************Ind** =035 ##$$0010-061300000029548 =041 ##$$a Ind =082 ##$$a 615.822 =090 ##$$a 615.822, Sut p =100 ##$$a Sutardjo, Edhi =245 ##$$a Pengobatan tradisional, Edhi Sutardjo =260 ##$$a [20...?] $b Semarang =300 ##$$a xi, 147 hlm, ilus, 21 cm =650 ##$$a Obat Tradisional =850 ##$$a NBPNMAT =990 ##$$a 0001/BPAP-NTB/2015 =990 ##$$a 0087975